Guess the airline based on their destinations - Statistics

General Stats
  • This quiz has been taken 37 times
  • The average score is 10 of 16
Answer Stats
Picture Answer % Correct
Ryanair
87%
KLM
84%
Air New Zealand
81%
Emirates
81%
Icelandair
81%
Turkish Airlines
71%
United Airlines
68%
AVIANCA
65%
Cathay Pacific
65%
Frontier Airlines
65%
China Southern Airlines
61%
AirAsia
58%
Air Transat
55%
Malaysia Airlines
52%
Uzbekistan Airways
39%
Air Inuit
29%
No matching quizzes found
Score Distribution
Percent of People with Each Score
Percentile by Number Answered
Your Score History
You have not taken this quiz